| 000 | 01797cam a22004094a 4500 | ||
|---|---|---|---|
| 999 |
_c530155 _d530155 |
||
| 001 | 14924748 | ||
| 003 | NUST | ||
| 005 | 20191011120347.0 | ||
| 008 | 070712s2007 paua b 001 0 eng | ||
| 010 | _a 2007061748 | ||
| 020 | _a9780898716436 (alk. paper) | ||
| 020 | _a0898716438 (alk. paper) | ||
| 035 | _a(OCoLC)ocn156892047 | ||
| 035 |
_a(OCoLC)156892047 _z(OCoLC)183264778 |
||
| 038 | _aNusrat Nadeem | ||
| 040 |
_aDLC _cDLC _dC#P _dYDXCP _dBWX _dBTCTA _dBAKER _dDLC |
||
| 050 | 0 | 0 |
_aQA402.5 _b.F425 2007 |
| 082 | 0 | 0 |
_a519.7/2 _222 |
| 100 | 1 |
_aFerris, Michael C. _923531 |
|
| 245 | 1 | 0 |
_aLinear programming with MATLAB / _cMichael C. Ferris, Olvi L. Mangasarian, Stephen J. Wright. |
| 260 |
_aPhiladelphia : _bSociety for Industrial and Applied Mathematics : _bMathematical Programming Society, _cc2007. |
||
| 300 |
_axi, 266 p. : _bill. ; _c26 cm. |
||
| 440 | 0 |
_aMPS-SIAM series on optimization _923532 |
|
| 504 | _aIncludes bibliographical references (p. 257-260) and index. | ||
| 630 | 0 | 0 |
_aMATLAB. _93082 |
| 650 | 0 |
_aLinear programming _xData processing. _923533 |
|
| 650 | 0 |
_aMathematical optimization. _910023 |
|
| 650 | 0 |
_aAlgebras, Linear. _910720 |
|
| 700 | 1 |
_aMangasarian, Olvi L., _d1934- _923534 |
|
| 700 | 1 |
_aWright, Stephen J., _d1960- _923535 |
|
| 856 | 4 | 2 |
_3Contributor biographical information _uhttp://www.loc.gov/catdir/enhancements/fy0805/2007061748-b.html |
| 856 | 4 | 2 |
_3Publisher description _uhttp://www.loc.gov/catdir/enhancements/fy0805/2007061748-d.html |
| 856 | 4 | 1 |
_3Table of contents only _uhttp://www.loc.gov/catdir/enhancements/fy0805/2007061748-t.html |
| 906 |
_a7 _bcbc _corignew _d1 _eocip _f20 _gy-gencatlg |
||
| 942 |
_2ddc _cBK |
||